000 01134nam a22003017a 4500
001 BR8800010
003 BR-BrBNA
005 20230928092807.0
007 ta
008 230509b bl.||||| |||| 00| 0 por d
040 _aBR-BrBNA
_bpor
_cBiblioteca Nacional de Agricultura
041 _a(Por)
072 _aF60
_b1930
090 _ 1930 BR8800010
100 1 _aOliveira, J.R. da C.
110 1 _aEscola Superior de Agricultura de Lavras, MG (Brasil)
_0Tese (Mestrado)
245 1 _aProducao, composicao quimica e digestibilidade da graminea Hemarthria altissima (Poir)Stapf e Hubbard cv. Bigalta em diferentes idades de corte
246 1 _a[The yield of herbage, chemical composition and digestibility of the grass Hemarthria altissima (Poir)Stapf and Hubbard cv. Bigalta in different cutting ages]
260 3 _aLavras, MG (Brasil):
_c1987.
300 _a81 p.
500 _a11 illus.; 19 tables; Bibliography p. 51-62 (65 ref.); Summaries (Eng, Por)
650 _aHEMARTRIA
650 _aCOMPOSICAO QUIMICA
650 _aCORTE
650 _aDIGESTIBILIDADE
909 _a202309
_bLucia
_c55
_dLucia Elande
942 _cBK
999 _c41231
_d41231